Marvel Villains A-Z by Picture #2 - Statistics

General Stats
  • This quiz has been taken 90 times
  • The average score is 16 of 26
Answer Stats
Picture Answer % Correct
Doctor Octopus
100%
Rhino
97%
Mystique
96%
Vulture
96%
Lizard
94%
Bullseye
93%
Kraven the Hunter
88%
Whiplash
88%
Nebula
84%
Sabertooth
84%
Hobgoblin
81%
Chameleon
79%
Iron-Monger
75%
Absorbing Man
57%
Executioner
57%
Jackal
54%
Titania
52%
Purple Man
43%
Owl
39%
Unicorn
24%
Ymir
22%
Giganto
21%
Fancy Dan
16%
Xemnu
13%
Queen Veranke
12%
Zapata Brothers
3%
No matching quizzes found
Score Distribution
Percent of People with Each Score
Percentile by Number Answered
Your Score History
You have not taken this quiz